លក្ខណៈធ្វើស្រែចំរុះនិងការចិញ្ចឹមត្រីតាមកសិកម្មសមស្រប (Record no. 125)
[ view plain ]
| 000 -LEADER | |
|---|---|
| fixed length control field | 00547nam a22001577a 4500 |
| 003 - CONTROL NUMBER IDENTIFIER | |
| control field | OSt |
| 005 - DATE AND TIME OF LATEST TRANSACTION | |
| control field | 20150908113115.0 |
| 008 - FIXED-LENGTH DATA ELEMENTS--GENERAL INFORMATION | |
| fixed length control field | 150908b xxu||||| |||| 00| 0 eng d |
| 040 ## - CATALOGING SOURCE | |
| Transcribing agency | RUA |
| 082 ## - DEWEY DECIMAL CLASSIFICATION NUMBER | |
| Classification number | AGR ស្រ៊ុន 1992 B005 Or.1 |
| 100 ## - MAIN ENTRY--PERSONAL NAME | |
| 9 (RLIN) | 143 |
| Personal name | ស្រ៊ុន អ៊ីម |
| 245 ## - TITLE STATEMENT | |
| Title | លក្ខណៈធ្វើស្រែចំរុះនិងការចិញ្ចឹមត្រីតាមកសិកម្មសមស្រប |
| 260 ## - PUBLICATION, DISTRIBUTION, ETC. (IMPRINT) | |
| Place of publication, distribution, etc. | Phnom Penh |
| Name of publisher, distributor, etc. | RUA |
| Date of publication, distribution, etc. | 1992 |
| 300 ## - PHYSICAL DESCRIPTION | |
| Extent | 43p. |
| Other physical details | ill. |
| Dimensions | 29cm. |
| 942 ## - ADDED ENTRY ELEMENTS (KOHA) | |
| Source of classification or shelving scheme | |
| Koha item type | AGR |
| Price effective from | Date last seen | Permanent Location | Not for loan | Date acquired | Source of classification or shelving scheme | Koha item type | Lost status | Withdrawn status | Date last checked out | Total Checkouts | Shelving location | Damaged status | Barcode | Current Location | Full call number |
|---|---|---|---|---|---|---|---|---|---|---|---|---|---|---|---|
| 2015-09-08 | 2018-06-29 | Library Block B | 2015-09-08 | AGR | 2018-06-25 | 3 | B005 | RUA004251 | Library Block B | AGR ស្រ៊ុន 1992 B005 Or.1 | |||||
| 2015-09-08 | 2015-09-08 | Library Block B | 2015-09-08 | AGR | B005 | RUA004103 | Library Block B | AGR ស្រ៊ុន 1992 B005 Or.2 | |||||||
| 2015-09-08 | 2015-09-08 | Library Block B | 2015-09-08 | AGR | B005 | RUA004252 | Library Block B | AGR ស្រ៊ុន 1992 B005 Or.3 | |||||||
| 2015-09-08 | 2015-09-08 | Library Block B | 2015-09-08 | AGR | B005 | RUA004325 | Library Block B | AGR ស្រ៊ុន 1992 B005 Or.4 | |||||||
| 2015-09-08 | 2023-10-18 | Library Block B | 2015-09-08 | AGR | 2023-09-18 | 2 | B005 | RUA004469 | Library Block B | AGR ស្រ៊ុន 1992 B005 Or.5 | |||||
| 2015-09-08 | 2019-08-13 | Library Block B | 2015-09-08 | AGR | 2019-07-30 | 1 | B005 | RUA004397 | Library Block B | AGR ស្រ៊ុន 1992 B005 Or.6 | |||||
| 2015-09-08 | 2026-03-30 | Library Block B | 2015-09-08 | AGR | 2026-03-26 | 2 | B005 | RUA004109 | Library Block B | AGR ស្រ៊ុន 1992 B005 Or.7 | |||||
| 2015-09-08 | 2017-01-25 | Library Block B | 2015-09-08 | AGR | 2016-06-30 | 2 | B005 | RUA004253 | Library Block B | AGR ស្រ៊ុន 1992 B005 Or.8 | |||||
| 2015-09-08 | 2016-08-03 | Library Block B | 2015-09-08 | AGR | 2016-08-03 | 1 | B005 | RUA004108 | Library Block B | AGR ស្រ៊ុន 1992 B005 Or.9 |